header

The story of sexual identity (Record no. 15488)

MARC details
000 -LEADER
fixed length control field 01445nam a2200373 a 4500
082 04 - DEWEY DECIMAL CLASSIFICATION NUMBER
Classification number 306.76/609
245 04 - TITLE STATEMENT
Title The story of sexual identity
260 ## - PUBLICATION, DISTRIBUTION, ETC. (IMPRINT)
Place of publication Oxford ;
-- New York :
Name of publisher Oxford University Press,
Year of publication 2009.
300 ## - PHYSICAL DESCRIPTION
Number of Pages xxii, 474 p. :
Other physical details ill.
650 #0 - SUBJECT ADDED ENTRY--TOPICAL TERM
Topical Term Gender identity
Topical Term Gay and lesbian studies.
Topical Term Homosexuality
Topical Term Lesbianism
Topical Term Sex role.
Topical Term Sex differences.
700 1# - ADDED ENTRY--PERSONAL NAME
Personal name Hammack, Phillip L.
Personal name Cohler, Bertram J.
856 40 - ELECTRONIC LOCATION AND ACCESS
Uniform Resource Identifier http://site.ebrary.com/lib/rucke/Doc?id=10288507

No items available.

© 2026 Rongo University
Contact us: librarian | system librarian | Rongo university